Normal view
MARC view
- السيد ، السيد عبد المنعم حافظ
Entry Personal Name
001 - CONTROL NUMBER
- control field: 32051
003 - CONTROL NUMBER IDENTIFIER
- control field: JO-AjAnu
005 - DATE AND TIME OF LATEST TRANSACTION
- control field: 20230606075406.0
008 - FIXED-LENGTH DATA ELEMENTS
- fixed length control field: 230606|| aca||aabn | a|a d
040 ## - CATALOGING SOURCE
- Original cataloging agency: JO-AjAnu
- Transcribing agency: JO-AjAnu
100 ## - HEADING--PERSONAL NAME
- Personal name: السيد ، السيد عبد المنعم حافظ
670 ## - SOURCE DATA FOUND
- Source citation: Work cat.: (JO-AjAnu)16461: السيد ، السيد عبد المنعم حافظ , author, عقد التأجير التمويلى الدولي : دراسة تحليلية مقارنة في القانون الدولى الخاص